000 00408pab a2200169 454500
008 180718b2014 xxu||||| |||| 00| 0 eng d
100 _aDatta, Amrita
245 _aThe left debacle in Lok Sabha 2014: A critical overview
260 _c2014
300 _ap.27-29.
362 _a14 Jun
650 _aElections - India
650 _aElections
773 _aMainstream
908 _aN
909 _a104370
999 _c104366
_d104366